000 00313nam a22001457a 4500
008 210312b ||||| |||| 00| 0 eng d
020 _a9780781735858
041 _aeng
080 _a61
082 _a61
100 _a3
101 _aSHM
245 _aEssentials of Hand Surgery
_cSeiler,G.J
942 _2udc
_cBK
999 _c56587
_d56587